000 01452nam a2200385Ia 4500
001 ebr10223317
003 CaPaEBR
006 m u
007 cr cn|||||||||
008 070710s2008 njua sb 001 0 eng d
010 _z 2007932582
020 _z1588299589 (hbk.)
020 _z1597453757 (ebook
020 _z9781588299581 (hbk.)
020 _z9781597453752 (ebook
040 _aCaPaEBR
_cCaPaEBR
035 _a(OCoLC)233972893
050 1 4 _aQH509
_b.O38 2008eb
245 0 0 _aOcular transporters in ophthalmic diseases and drug delivery
_h[electronic resource] /
_cedited by Joyce Tombran-Tink, Colin J. Barnstable.
260 _aTotowa, N.J. :
_bHumana Press,
_cc2008.
300 _axviii, 467 p. :
_bill.
490 1 _aOphthalmology research
504 _aIncludes bibliographical references and index.
533 _aElectronic reproduction.
_bPalo Alto, Calif. :
_cebrary,
_d2009.
_nAvailable via World Wide Web.
_nAccess may be limited to ebrary affiliated libraries.
650 0 _aBiological transport.
650 0 _aDrug targeting.
650 0 _aEye
_xDiseases.
650 0 _aEye
_xPhysiology.
655 7 _aElectronic books.
_2local
700 1 _aBarnstable, Colin J.
700 1 _aTombran-Tink, Joyce.
710 2 _aebrary, Inc.
830 0 _aOphthalmology research.
856 4 0 _uhttp://site.ebrary.com/lib/rucke/Doc?id=10223317
_zAn electronic book accessible through the World Wide Web; click to view
999 _c132680
_d132680